Personnages de Kaiju No 8 par images - Statistiques

Statistiques générales
  • Ce quiz a été pris 56 fois
  • Le résultat moyen est 2 sur 10
Statistiques - réponses
Par images Réponse % Correct
Kafka Hibino
96%
Mina Ashiro
43%
Kikoru Shinomiya
28%
Ichikawa Reno
26%
Isao Shinomiya
17%
Haruichi Izumo
11%
Aoi Kaguragi
9%
Iharu Furuhashi
9%
Konomi Okonogi
6%
Shôshirô Hoshina
0%
Aucun quiz correspondant
Distribution des résultats
% des personnes avec chaque résultat
Percentile par nombre de réponses
Votre historique - résultats
Vous n’avez pas pris ce quiz